Library of the University of Algiers 3
Ibrahim Sultan Cheibout
شعار جامعة الجزائر 3
مكتبة جامعة الجزائر 3
إبراهيم سلطان شيبوط

المحاسبة في المنشآت الفردية : (رقم التسجيلة. 42786)

تفاصيل مارك
000 -LEADER
fixed length control field 01413nam a2200241Ia 4500
003 - CONTROL NUMBER IDENTIFIER
control field Ost
005 - DATE AND TIME OF LATEST TRANSACTION
control field 20260507075100.0
008 - FIXED-LENGTH DATA ELEMENTS--GENERAL INFORMATION
fixed length control field 260507s9999||||xx |||||||||||||| ||und||
040 ## - CATALOGING SOURCE
Transcribing agency fsecg
041 ## - LANGUAGE CODE
Language code of text/sound track or separate title ara
082 ## - DEWEY DECIMAL CLASSIFICATION NUMBER
Classification number 657
100 ## - MAIN ENTRY--PERSONAL NAME
Personal name الحلبي، نبيل
Relator term مؤلف
245 #0 - TITLE STATEMENT
Title المحاسبة في المنشآت الفردية :
Remainder of title أصول القياس المحاسبي /
Statement of responsibility, etc. نبيل الحلبي
260 ## - PUBLICATION, DISTRIBUTION, ETC.
Place of publication, distribution, etc. اربد:
Name of publisher, distributor, etc. دار الأمل,
Date of publication, distribution, etc. 1998
300 ## - PHYSICAL DESCRIPTION
Extent 302 صفحة؛
Other physical details إيضاحات ؛
Dimensions 24 سم
490 ## - SERIES STATEMENT
Series statement كتب المحاسبة
504 ## - BIBLIOGRAPHY, ETC. NOTE
Bibliography, etc. note بيبليوغرافيا ص.299
520 ## - SUMMARY, ETC.
Summary, etc. الأصول الثابتة والتسويات الجردية،المخزون السلعي(البضاعة)والتسويات الجردية،المدينون وأوراق القبض والتسويات الجردية،الالتزامات والتسويات الجردية،التسويات الجردية لحسابات المصروفات والإيرادات،القوائم المالية الختامية،العلاقة بين المحاسبة والحاسوب
653 ## - INDEX TERM--UNCONTROLLED
Uncontrolled term المحاسبة
700 ## - ADDED ENTRY--PERSONAL NAME
Personal name الجبالي، محمود علي
Relator term مؤلف ثانوي
700 ## - ADDED ENTRY--PERSONAL NAME
Personal name ميالة، بطرس
Relator term مؤلف ثانوي
942 ## - ADDED ENTRY ELEMENTS (KOHA)
Koha item type كتب
المقتنيات
Withdrawn status Lost status Source of classification or shelving scheme Damaged status Not for loan Home library Current library Date acquired Serial enumeration / chronology Inventory number Total checkouts Full call number Barcode Date last seen Price effective from Koha item type
    Dewey Decimal Classification   NOT LOAN / إعارة داخلية مكتبة كلية العلوم الإقتصادية والعلوم التجارية وعلوم التسيير مكتبة كلية العلوم الإقتصادية والعلوم التجارية وعلوم التسيير 07/05/2026 الطابق الأرضي 1038/1   أ/1038ن1 1038/1 07/05/2026 07/05/2026 كتب
    Dewey Decimal Classification   Available مكتبة كلية العلوم الإقتصادية والعلوم التجارية وعلوم التسيير مكتبة كلية العلوم الإقتصادية والعلوم التجارية وعلوم التسيير 07/05/2026 الطابق الأرضي 1038/2   أ/1038ن2 1038/2 07/05/2026 07/05/2026 كتب
    Dewey Decimal Classification   Available مكتبة كلية العلوم الإقتصادية والعلوم التجارية وعلوم التسيير مكتبة كلية العلوم الإقتصادية والعلوم التجارية وعلوم التسيير 07/05/2026 الطابق الأرضي 1038/3   أ/1038ن3 1038/3 07/05/2026 07/05/2026 كتب
    Dewey Decimal Classification   Available مكتبة كلية العلوم الإقتصادية والعلوم التجارية وعلوم التسيير مكتبة كلية العلوم الإقتصادية والعلوم التجارية وعلوم التسيير 07/05/2026 الطابق الثاني 1038/4   أ/1038ن4 1038/4 07/05/2026 07/05/2026 كتب
    Dewey Decimal Classification   Available مكتبة كلية العلوم الإقتصادية والعلوم التجارية وعلوم التسيير مكتبة كلية العلوم الإقتصادية والعلوم التجارية وعلوم التسيير 07/05/2026 الطابق الثاني 1038/5   أ/1038ن5 1038/5 07/05/2026 07/05/2026 كتب

موارد الويب المفتوحة


© University of Algiers 3 All Rights Reserved
|
Implemented by LECHELAH Riad